| 000 | 01599 a2200229 4500 | ||
|---|---|---|---|
| 001 | 57006 | ||
| 005 | 20260407155833.0 | ||
| 008 | 260407a1996 arg spa d | ||
| 003 | AR-UNSa-BCEJYS | ||
| 040 |
_aAR-UNSa-BCEJYS _bspa _cAR-UNSa-BCEJYS |
||
| 080 |
_a330.34 _xDesarrollo Económico |
||
| 245 | 1 | 0 | _aPrinciples of cost-benefit analysis for developing countries |
| 020 | _a0-521-47916-9 | ||
| 264 | 1 |
_aCambridge : _bCambridge University Press _c1996 |
|
| 300 |
_a282 p. _c23 cm. |
||
| 505 | _aPart I: Introduction to welfare economics: 1. Measuring changes in economic welfare: consumer and producer surplus – 2. Consumers and producers: some basic theory – 3. Welfare change in general equilibrium – 4. Equity and efficiency - Part II: Project and policy appraisal in developing countries: 5. Project appraisal: an overview – 6. Shadow prices for traded and non-traded commodities in an open economy – 7. Trade policy, exchange rates and structural adjustment – 8. Labour markets in developing countries – 9. The social value of labour – 10. Intertemporal costs and benefits (1): a market-based approach – 11. Intertemporal costs and benefits (2): a social planning approach - Part III: Missing markets: 12. Externalities and public goods – 13. Risk and the measurement of welfare change – 14. Natural resources and the environment | ||
| 942 | _cBK | ||
| 590 | _aniveau_biblio:m niveau_hierar:0 | ||
| 100 | 1 | _aDinwiddy, Caroline | |
| 700 | 1 | _aTeal, Francis | |
| 856 | 4 | 1 |
_uhttps://www.biblioeco.unsa.edu.ar/pmb/images/libros/L128646.jpg _yImagen de portada _qimage/jpeg |
| 999 |
_c6094 _d6094 |
||